Hindu Dharma ki Visheshthayen/ (Record no. 17802)

000 -LEADER
fixed length control field 00356nam a22001331a 4500
082 ## - DEWEY DECIMAL CLASSIFICATION NUMBER
Classification number H 294.5
Item number SAT/H
100 ## - MAIN ENTRY--PERSONAL NAME
Personal name Satyadeva Parivrachak
9 (RLIN) 141179
245 ## - TITLE STATEMENT
Title Hindu Dharma ki Visheshthayen/
Statement of responsibility, etc. by Satyadeva Parivrachak
260 ## - PUBLICATION, DISTRIBUTION, ETC.
Place of publication, distribution, etc. New Delhi:
Name of publisher, distributor, etc. Rajpal,
Date of publication, distribution, etc. 1992.
300 ## - PHYSICAL DESCRIPTION
Extent 64p.
650 ## - SUBJECT ADDED ENTRY--TOPICAL TERM
Topical term or geographic name entry element Hinduism
9 (RLIN) 141180
650 ## - SUBJECT ADDED ENTRY--TOPICAL TERM
Topical term or geographic name entry element Religion
9 (RLIN) 141181
942 ## - ADDED ENTRY ELEMENTS (KOHA)
Koha item type Book
Holdings
Withdrawn status Lost status Damaged status Not for loan Permanent Location Current Location Date acquired Cost, normal purchase price Total Checkouts Full call number Barcode Date last seen Cost, replacement price Price effective from Koha item type
        Sree Sankaracharya University of Sanskrit Sree Sankaracharya University of Sanskrit 08.01.2015 10.00   H 294.5 SAT/H 029231 08.01.2015 0.00 08.01.2015 Book